ბათუმის შოთა რუსთაველის სახელმწიფო უნივერსიტეტის ბიბლიოთეკა

სოფლის მეურნეობაში პესტიციდებისა და აგროქიმიკატების უსაფრთხო გამოყენების საფუძვლები. (ბიბ.ჩანაწერი № 35439)

000 -LEADER
fixed length control field 00985nam a2200217Ia 4500
001 - CONTROL NUMBER
control field 1297
003 - CONTROL NUMBER IDENTIFIER
control field GE_BSU
008 - FIXED-LENGTH DATA ELEMENTS--GENERAL INFORMATION
fixed length control field 181216s||||||||xx |||||||||||||| ||und||
020 ## - INTERNATIONAL STANDARD BOOK NUMBER
International Standard Book Number 9789941126130
040 ## - CATALOGING SOURCE
Transcribing agency GE_BSU
080 ## - UNIVERSAL DECIMAL CLASSIFICATION NUMBER
Universal Decimal Classification number 631.8(075.8)
100 ## - MAIN ENTRY--PERSONAL NAME
Personal name ბუაჩიძე, კ; [და სხვ.].
245 ## - TITLE STATEMENT
Title სოფლის მეურნეობაში პესტიციდებისა და აგროქიმიკატების უსაფრთხო გამოყენების საფუძვლები.
260 ## - PUBLICATION, DISTRIBUTION, ETC.
Place of publication, distribution, etc. თბილისი
260 ## - PUBLICATION, DISTRIBUTION, ETC.
Name of publisher, distributor, etc. უნივერსალი
260 ## - PUBLICATION, DISTRIBUTION, ETC.
Date of publication, distribution, etc. 2009
300 ## - PHYSICAL DESCRIPTION
Extent 282 გვ. 19 სმ.
653 ## - INDEX TERM--UNCONTROLLED
Uncontrolled term სოფლის მეურნეობაში პესტიციდებისა და აგროქიმიკატების უსაფრთხო გამოყენების საფუძვლები.
942 ## - ADDED ENTRY ELEMENTS (KOHA)
Koha item type წიგნი
ეგზემპლარები
Withdrawn status Lost status Damaged status Not for loan Date acquired Barcode Date last seen Price effective from Koha item type
        2018-12-17 2673 2018-12-17 2018-12-17 წიგნი